000 00980nac a22002891i 4500
003 EG-ScBUE
005 20241112100955.0
008 241112t1980 nyua f b 001 0 eng d
020 _a0393090760
040 _aEG-ScBUE
_beng
_erda
_cEG-ScBUE
_dEG-ScBUE
082 0 4 _a519.5
_bFRE
_222
100 1 _aFreedman, David,
_eauthor.
245 1 0 _aStatistics /
_cDavid Freedman, Robert Pisani, Roger Purves, University of California-Berkeley.
250 _aFirst edition.
264 1 _aNew York ;
_aLondon :
_bW. W. Norton & Company,
_c[1980]
264 4 _cc1980
300 _axv, 506, 83 pages :
_billustrations ;
_c26 cm
336 _2rdacontent
_atext
_btxt
337 _aunmediated
_2rdamedia
_bn
338 _avolume
_bnc
_2rdacarrier
504 _aIncludes bibliographical references and index.
650 7 _aMathematical statistics.
_2BUEsh
655 _vReading book
700 1 _aPisani, Robert,
_eauthor.
700 1 _aPurves, Roger,
_eauthor.
942 _cBB
_2ddc
999 _c1642
_d1642